00755nam a2200253 i 4500001001100000003000500011005001700016008004100033020001500074040002500089082001200114090001800126100003300144245002400177264004400201300005000245336002100295337002500316338002300341650003200364942001000396999001700406952007800423C2-0286332PPAK20180728015812.0080122s1990 nyua|||| ||||| | eng d a0940112051 aPPAKbengcPPAKerda04a82322300a823bNOBdLCK1 aNobisso, Josephine, eauthor10aGrandma's scrapbook 1aNew York : bGingerbread House , c1990 a[30 pages] : bcolour illustrations ; c21 cm 2rdacontentatext 2rdamediaaunmediated 2rdacarrieravolume10aChildren's stories, English ddccB c92092d92092 0070bKMcLCKd2008-01-22oLCK 823 NOBpA00813634r2018-05-09 00:00:00yB